000 00204 a2200097 4500
001 3833
100 _aRobinson, J.L
245 _aBasic fluid mechanics
260 _a
_bMcgrawhill
_c
090 _c3066
_d3066
942 _aNUST-CAE
_cM
_c22958
999 _c238906
_d238906